000 00658nam a2200205 a 4500
001 BRCA_583
005 20190320203055.0
008 950731s1995 sp-a---##b---#100-0#spa-#
020 _a8477823340
040 _aDLC
_cDLC
050 4 _aNA385
_b.M79 1995
245 1 0 _aEl mudéjar iberoamericano
_bdel Islam al Nuevo Mundo.
260 _aEspaña
_bEl Legado Andalusí : Lunwerg
_c1995
300 _a319 p.
_bil. (algunas a color)
_c30 cm.
504 _aBibliografía: p. 293-302
650 1 4 _aArquitectura, Mudéjar
_zEspaña
_92006
650 1 4 _aArquitectura
_zEspaña
_92007
650 1 4 _aArquitectura colonial
_xMudéjar
_zAmérica Latina
_92008
942 _2lcc
_cB
999 _c512
_d512